La revolución que nadie soño, o la otra posmodernidad : la revolución microelectrónica, la revolución feminista, la revolución ecológica, la revolución política, la revolución paradigmática (Record no. 16697)
[ view plain ]
| 000 -CABECERA | |
|---|---|
| campo de control de longitud fija | 00770cam a22002052a 4500 |
| 001 - NÚMERO DE CONTROL | |
| campo de control | 010915 |
| 003 - IDENTIFICADOR DEL NÚMERO DE CONTROL | |
| campo de control | AR-FADEU |
| 008 - DATOS DE LONGITUD FIJA--INFORMACIÓN GENERAL | |
| campo de control de longitud fija | 311216n1996####xxu####################dd |
| 020 ## - NÚMERO INTERNACIONAL ESTÁNDAR DEL LIBRO | |
| Número Internacional Estándar del Libro | 980-317-091-0 |
| 092 ## - ASIGNACIÓN LOCAL DE SIGNATURA TOPOGRÁFICA DEWEY (OCLC) | |
| Número de clasificación | 303.4 |
| Número de documento/Ítem | M674 |
| 100 ## - ENTRADA PRINCIPAL--NOMBRE DE PERSONA | |
| Nombre de persona | Mires, Fernando |
| 245 ## - MENCIÓN DE TÍTULO | |
| Título | La revolución que nadie soño, o la otra posmodernidad : la revolución microelectrónica, la revolución feminista, la revolución ecológica, la revolución política, la revolución paradigmática |
| 260 ## - PUBLICACIÓN, DISTRIBUCIÓN, ETC. (PIE DE IMPRENTA) | |
| Lugar de publicación, distribución, etc. | Caracas |
| 260 ## - PUBLICACIÓN, DISTRIBUCIÓN, ETC. (PIE DE IMPRENTA) | |
| Nombre del editor, distribuidor, etc. | Nueva Sociedad |
| 260 ## - PUBLICACIÓN, DISTRIBUCIÓN, ETC. (PIE DE IMPRENTA) | |
| Fecha de publicación, distribución, etc. | 1996 |
| 300 ## - DESCRIPCIÓN FÍSICA | |
| Extensión | 183 p |
| 500 ## - NOTA GENERAL | |
| Nota general | Incluye bibliografía |
| 650 ## - PUNTO DE ACCESO ADICIONAL DE MATERIA--TÉRMINO DE MATERIA | |
| Término de materia o nombre geográfico como elemento inicial | CAMBIO SOCIAL-ECOLOGIA; CAMBIO SOCIAL-POLITICA; CAMBIO SOCIAL-TECNOLOGIA; CAMBIO SOCIAL-FEMINISMO; CAMBIO SOCIAL-MODERNIDAD; REVOLUCION |
| 942 ## - ELEMENTOS DE PUNTO DE ACCESO ADICIONAL (KOHA) | |
| Tipo de ítem Koha | BDGR |
| Estado de retiro | Estado de pérdida | Estado dañado | No para préstamo | Localización permanente | Ubicación/localización actual | Fecha de adquisición | Número de inventario | Total de préstamos | Signatura topográfica completa | Código de barras | Fecha visto por última vez | Precio válido a partir de | Tipo de ítem Koha |
|---|---|---|---|---|---|---|---|---|---|---|---|---|---|
| Biblioteca Ernesto Sabato - FADECS - UNCOMA | Biblioteca Ernesto Sabato - FADECS - UNCOMA | 21/02/2017 | 15862 | 303.4 M674 | 15862 | 21/02/2017 | 21/02/2017 | BDGR |